Jenny - Studio Killers (All Lyrics) - Statistics

General Stats
  • This quiz has been taken 50 times
  • The average score is 141 of 192
Answer Stats
Answer % Correct
Jenny
100%
Jenny...
100%
I
97%
don't
91%
friend
91%
friends
91%
friendship
91%
love
91%
my
91%
our
91%
ruin
91%
wanna
91%
you
91%
your
91%
you're
91%
a
88%
be
88%
instead
88%
know
88%
lovers
88%
to
88%
best
85%
But
85%
but
85%
'Cause
85%
darling
85%
dearest
85%
how
85%
say
85%
should
85%
the
85%
this
85%
we
85%
We
85%
really
82%
then
82%
few
79%
lipstick
79%
that
79%
there's
79%
things
79%
as
76%
case
76%
of
76%
pillow
76%
using
76%
I'm
73%
shirt
73%
so
70%
Why
70%
often
67%
borrow
64%
me
64%
about
58%
and
58%
are
58%
like
52%
now
48%
hand
45%
it
45%
more
45%
take
45%
than
42%
will
42%
end
39%
Nothing
39%
Stealing
39%
stuff
39%
means
36%
until
36%
world
36%
you'd
36%
been
33%
boyfriends
33%
follow
33%
I've
33%
miss
33%
new
33%
pretend
33%
bad
30%
doing
30%
for
30%
Oh
30%
amigos
27%
cannot
27%
Forget
27%
never
27%
those
27%
last
21%
long
18%
won't
18%
them
12%
No matching quizzes found
Score Distribution
Percent of People with Each Score
Percentile by Number Answered
Your Score History
You have not taken this quiz